000 01021nam a2200205Ia 4500
003 OSt
005 20241028095022.0
007 ca aa aaaaa
008 201103s9999 xx 000 0 und d
040 _cSSBUL
041 _abur
082 _223
_a၂၉၄.၃၄၃၅၀၉ သက်
_b၉၁၃၁ S-SAT
100 0 _aသက်တင်၊ ဦး၊ သမိုင်းကထိကဟောင်း
_917273
245 1 0 _aပဲကူးမြို့ စေတီပေါင်း ၅၈ဆူသမိုင်းအကျဉ်းချုပ် /
_cသမိုင်းကထိကဟောင်း ဦးသက်တင်။
260 _aရန်ကုန် ၊
_bသဇင်ပုံနှိပ်တိုက်၊
_c[ခုနှစ်မပါ]။
300 _a၁၉၂ စာမျက်နှာ ၊
_bပုံများ ၊
_c၁၈ စင်တီ။
500 _aS-SAT: Dr. Sai Aung Tun
650 _aစေတီပုထိုး
_vသမိုင်း
_955057
942 _2ddc
_cBK1
999 _c16638
_d16638